[Event "BEL-chT 0203"]
[Site "?"]
[Date "2003.01.26"]
[Round "7"]
[White "Schumacher Helmut"]
[Black "Leenhouts Koen"]
[Result "0-1"]
[WhiteElo "2175"]
[BlackElo "2277"]
[PlyCount "78"]
[EventDate "2003.??.??"]
[Source "www.chesslib.no"]
[SourceDate "2004.05.04"]

1. d4 Nf6 2. Nc3 e6 3. e4 d5 4. Bg5 Be7 5. e5 Nfd7 6. Bxe7 Qxe7 7. Qd2 a6 8. f4 c5 9. Nf3 Nc6 10. dxc5 Qxc5 11. a3 b5 12. b4 Qb6 13. Qf2 Qc7 14. Qd2 f6 15. exf6 Nxf6 16. Bd3 Qb6 17. Qf2 Qxf2+ 18. Kxf2 O-O 19. Rhe1 d4 20. Ne4 Nd5 21. Nc5 Rxf4 22. Be4 Ra7 23. Kg1 h6 24. Rad1 Rxe4 25. Nxe4 e5 26. Rd2 Bg4 27. Rf2 Ne3 28. c3 Nc4 29. cxd4 exd4 30. h3 Bxf3 31. Rxf3 N6e5 32. Rg3 d3 33. Nc5 d2 34. Rd1 Re7 35. Ne4 Nc6 36. Nc3 Nd4 37. Rd3 Nb3 38. Kf2 Rf7+ 39. Ke2 Nc1+ 0-1

[Event "VK1"]
[Site "?"]
[Date "1997.??.??"]
[Round "?"]
[White "Rosen, Willy"]
[Black "Jellinghaus, Lars"]
[Result "1/2-1/2"]
[WhiteElo "2280"]
[BlackElo "2115"]
[PlyCount "120"]
[EventDate "1997.??.??"]
[Source "www.chesslib.no"]
[SourceDate "2004.05.04"]

1. e4 e6 2. d4 d5 3. Nc3 Nf6 4. Bg5 Be7 5. e5 Nfd7 6. Bxe7 Qxe7 7. Qd2 a6 8. f4 b6 9. Nce2 c5 10. c3 Nc6 11. Nf3 Bb7 12. g3 O-O-O 13. Bh3 g6 14. O-O Kb8 15. b3 Ka7 16. Rfb1 Na5 17. Nc1 Rc8 18. Nd3 Rc7 19. Rc1 c4 20. b4 cxd3 21. bxa5 bxa5 22. Qxd3 Qa3 23. Rc2 Bc6 24. Bf1 Bb5 25. c4 Qxd3 26. Bxd3 Bxc4 27. Bxc4 dxc4 28. Rac1 Nb6 29. Nd2 Rd8 30. Nxc4 Rdc8 31. Ne3 Rxc2 32. Rxc2 Rxc2 33. Nxc2 Nd5 34. a3 Kb6 35. Kf2 Kb5 36. Ne3 Nxe3 37. Kxe3 Kc4 38. g4 a4 39. h3 a5 40. h4 Kb3 41. f5 gxf5 42. gxf5 Kxa3 43. d5 Kb2 44. fxe6 fxe6 45. dxe6 a3 46. e7 a2 47. e8=Q a1=Q 48. Qb5+ Kc3 49. Qc5+ Kb3 50. Qd5+ Kb4 51. Qd6+ Kc4 52. Qc6+ Kb4 53. Qb6+ Kc4 54. Qa6+ Kb4 55. Qb7+ Kc4 56. Qc8+ Kb4 57. e6 Qe5+ 58. Kf3 Qf5+ 59. Kg3 Qe5+ 60. Kf3 Qf5+ 1/2-1/2

[Event "ESP-ch U20"]
[Site "?"]
[Date "2003.07.24"]
[Round "6.4"]
[White "Llorente Zaro Alfonso"]
[Black "Larino Nieto David"]
[Result "1/2-1/2"]
[WhiteElo "2224"]
[BlackElo "2171"]
[PlyCount "100"]
[EventDate "2003.??.??"]
[Source "www.chesslib.no"]
[SourceDate "2004.05.04"]

1. e4 e6 2. d4 d5 3. Nc3 Nf6 4. Bg5 Be7 5. e5 Nfd7 6. Bxe7 Qxe7 7. Qd2 a6 8. Nd1 c5 9. c3 Nc6 10. f4 f6 11. Nf3 cxd4 12. cxd4 fxe5 13. fxe5 O-O 14. Nf2 Nb6 15. b3 Bd7 16. Be2 a5 17. O-O a4 18. Nd3 Rac8 19. Rac1 Be8 20. h3 Bh5 21. g4 Bg6 22. Nc5 h6 23. Qe3 Nb4 24. Qd2 Nc6 25. Qe3 Rf7 26. Kh2 Rcf8 27. Rg1 Rf4 28. Kg3 Be4 29. Nd2 Qg5 30. Rc3 Nxd4 31. Qxd4 Bh1 32. Nxe6 Rxd4 33. Nxg5 Rxd2 34. Rxh1 Rxe2 35. Nf3 Rxa2 36. Rc7 Ra3 37. Rb1 Rxb3 38. Rxb3 axb3 39. Rxb7 Na4 40. Rxb3 Nc5 41. Rb5 Ne4+ 42. Kg2 Nc3 43. Rb7 Ne2 44. Rb4 Nf4+ 45. Kg3 Nxh3 46. Rd4 Ng5 47. Nxg5 hxg5 48. Rxd5 Rf4 49. Rd8+ Kf7 50. Rd7+ Kf8 1/2-1/2

[Event "29th National CC"]
[Site "Philadelphia USA"]
[Date "1998.11.28"]
[Round "3"]
[White "Strenzwilk, D."]
[Black "Sarkar, J."]
[Result "0-1"]
[WhiteElo "2195"]
[BlackElo "2195"]
[PlyCount "94"]
[EventDate "1998.??.??"]
[Source "www.chesslib.no"]
[SourceDate "2004.05.04"]

1. e4 e6 2. d4 d5 3. Nc3 Nf6 4. Bg5 Be7 5. e5 Nfd7 6. Bxe7 Qxe7 7. Qd2 O-O 8. f4 c5 9. Nf3 Nc6 10. dxc5 f6 11. exf6 Nxf6 12. O-O-O Qxc5 13. Bd3 Rb8 14. Kb1 b5 15. Rde1 b4 16. Na4 Qa5 17. b3 Bd7 18. g3 Nd8 19. Nb2 Nb7 20. Ne5 Nc5 21. Nxd7 Nfxd7 22. Re2 Nf6 23. Nd1 Nfe4 24. Bxe4 Nxe4 25. Qd4 Rb6 26. Rhe1 Ra6 27. a4 bxa3 28. Ka1 Rc6 29. Qa4 Qxa4 30. bxa4 Rc4 31. Nf2 Nc5 32. a5 Rb8 33. Nd3 Ne4 34. Ne5 Ra4 35. c4 Nc3 36. Rc2 Rb3 37. cxd5 exd5 38. Nd7 Rab4 39. Rcc1 d4 40. Nc5 Rb2 41. Rxc3 dxc3 42. Nd3 Rd4 43. Nxb2 axb2+ 44. Kb1 Ra4 45. Re8+ Kf7 46. Rb8 Ra1+ 47. Kc2 Rc1+ 0-1

[Event "AUT-chT2W 0102"]
[Site "?"]
[Date "2001.10.14"]
[Round "3.4"]
[White "Eybl Alexander"]
[Black "Kondrak Christof"]
[Result "0-1"]
[WhiteElo "2202"]
[BlackElo "2175"]
[PlyCount "84"]
[EventDate "2001.??.??"]
[Source "www.chesslib.no"]
[SourceDate "2004.05.04"]

1. Nc3 d5 2. e4 e6 3. d4 Nf6 4. Bg5 Be7 5. e5 Nfd7 6. Bxe7 Qxe7 7. Qd2 a6 8. f4 c5 9. Nf3 Nc6 10. g3 b5 11. dxc5 Qxc5 12. O-O-O Nb6 13. Nd4 Bd7 14. Nb3 Qe7 15. Qf2 Na4 16. Ne2 Rc8 17. Ned4 Nc5 18. Nxc6 Nxb3+ 19. cxb3 Rxc6+ 20. Kb1 O-O 21. Bd3 f6 22. Qd4 fxe5 23. Qxe5 Qf6 24. Rhe1 Be8 25. f5 Bh5 26. Rd2 Qxe5 27. Rxe5 exf5 28. Rxd5 Re8 29. Bc2 Re1+ 30. Bd1 Bf3 31. Rd8+ Kf7 32. a4 Rxd1+ 33. Rxd1 Bxd1 34. Rxd1 Ke6 35. Re1+ Kf6 36. Rd1 g5 37. axb5 axb5 38. Rd5 f4 39. g4 Kg6 40. Rxb5 f3 41. Rd5 f2 42. Rd1 Re6 0-1

[Event "BEL-chT 0102"]
[Site "?"]
[Date "2002.10.12"]
[Round "7"]
[White "Michiels Bart"]
[Black "Tiggelman Rene"]
[Result "1/2-1/2"]
[WhiteElo "2212"]
[BlackElo "2165"]
[PlyCount "68"]
[EventDate "2002.??.??"]
[Source "www.chesslib.no"]
[SourceDate "2004.05.04"]

1. e4 e6 2. d4 d5 3. Nc3 Nf6 4. Bg5 Be7 5. e5 Nfd7 6. Bxe7 Qxe7 7. Qd2 O-O 8. f4 c5 9. Nf3 Nc6 10. dxc5 f6 11. exf6 Qxf6 12. g3 Nxc5 13. O-O-O Rd8 14. Bd3 Bd7 15. Rhe1 Rac8 16. Ne5 Be8 17. Qf2 Nxe5 18. Rxe5 Nd7 19. Ree1 Bh5 20. Be2 Bxe2 21. Qxe2 Nc5 22. Kb1 a6 23. Qe5 b5 24. Rd4 Rf8 25. Qxf6 Rxf6 26. a4 bxa4 27. Nxa4 Ne4 28. c4 Rb8 29. cxd5 exd5 30. Ka2 Rb5 31. Rc1 g5 32. Nc3 Nxc3+ 33. Rxc3 gxf4 34. Rxf4 Rxf4 1/2-1/2

[Event "Linkoping"]
[Site "?"]
[Date "1996.??.??"]
[Round "?"]
[White "Nordstrom Felix"]
[Black "Wikstrom Per"]
[Result "0-1"]
[WhiteElo "2220"]
[BlackElo "2130"]
[PlyCount "76"]
[EventDate "1996.??.??"]
[Source "www.chesslib.no"]
[SourceDate "2004.05.04"]

1. e4 e6 2. d4 d5 3. Nc3 Nf6 4. Bg5 Be7 5. e5 Nfd7 6. Bxe7 Qxe7 7. Qd2 a6 8. f4 b6 9. Nd1 c5 10. c3 Nc6 11. Nf3 Bb7 12. Be2 f6 13. O-O O-O-O 14. Rb1 h6 15. b4 c4 16. b5 axb5 17. Rxb5 Ba6 18. Rb2 Kc7 19. Ne3 g5 20. exf6 Nxf6 21. fxg5 Ne4 22. Qc2 Qa3 23. Nd1 hxg5 24. Ne1 Qd6 25. h3 Qg3 26. Bg4 Rhf8 27. Nf3 e5 28. dxe5 Nxe5 29. Nxe5 Rxf1+ 30. Kxf1 Qxe5 31. Kg1 d4 32. cxd4 Qxd4+ 33. Kh2 Qe5+ 34. Kh1 Rd2 35. Qc1 Ng3+ 36. Kg1 Qe1+ 37. Kh2 Qh1+ 38. Kxg3 Qxg2# 0-1

[Event "Montréal"]
[Site "?"]
[Date "2002.06.07"]
[Round "1"]
[White "Lawson Eric"]
[Black "Lacroix Serge"]
[Result "1-0"]
[WhiteElo "2301"]
[BlackElo "2047"]
[PlyCount "101"]
[EventDate "2002.??.??"]
[Source "www.chesslib.no"]
[SourceDate "2004.05.04"]

1. d4 Nf6 2. Bg5 e6 3. e4 Be7 4. Nc3 d5 5. e5 Nfd7 6. Bxe7 Qxe7 7. Qd2 a6 8. f4 c5 9. Nf3 Nc6 10. dxc5 Nxc5 11. O-O-O Bd7 12. Qe3 f5 13. exf6 gxf6 14. f5 O-O-O 15. fxe6 Bxe6 16. Nd4 Bg4 17. Qxe7 Nxe7 18. Be2 h5 19. Rhf1 Bxe2 20. Ndxe2 Rhg8 21. g3 h4 22. b4 Ne4 23. Nxe4 dxe4 24. Rxd8+ Kxd8 25. Rxf6 hxg3 26. hxg3 Rh8 27. Rd6+ Kc7 28. Re6 Rh1+ 29. Kd2 e3+ 30. Rxe3 Nd5 31. Re4 Rb1 32. Nc3 Nxc3 33. Kxc3 Rg1 34. Rg4 a5 35. bxa5 Ra1 36. a4 Ra3+ 37. Kb4 Ra2 38. Rc4+ Kd6 39. Kb5 Rb2+ 40. Rb4 Rxc2 41. Kb6 Rc3 42. g4 Rc6+ 43. Kxb7 Rc7+ 44. Kb8 Rg7 45. a6 Kc6 46. Rc4+ Kb6 47. Kc8 Kxa6 48. Kd8 Kb6 49. Ke8 Kb7 50. Kf8 Rg5 51. Kf7 1-0

[Event "Sofia BUL"]
[Site "?"]
[Date "2006.05.11"]
[Round "1"]
[White "Bratanov Zsivko"]
[Black "Borisov Lubomir"]
[Result "1-0"]
[WhiteElo "2413"]
[BlackElo "1923"]
[PlyCount "61"]
[EventDate "2006.??.??"]
[Source "www.chesslib.no"]
[SourceDate "2004.05.04"]

1. e4 e6 2. d4 d5 3. Nc3 Nf6 4. Bg5 Be7 5. e5 Nfd7 6. Bxe7 Qxe7 7. Qd2 a6 8. f4 c5 9. Nf3 Nc6 10. dxc5 Qxc5 11. O-O-O b5 12. Kb1 Bb7 13. Ne4 Qb6 14. Nd6+ Ke7 15. Bd3 h6 16. Rhe1 g6 17. h4 Rag8 18. g3 Na7 19. Bf1 Nc8 20. Nxb7 Qxb7 21. Qb4+ Ke8 22. a4 Na7 23. Nd4 Qb6 24. axb5 Nc5 25. Re3 Kd7 26. c4 a5 27. Qa3 Kc7 28. cxd5 Kb8 29. Nc6+ Nxc6 30. bxc6 Rd8 31. Rc3 1-0

[Event "Ch Region"]
[Site "Samara (Russia)"]
[Date "2007.12.21"]
[Round "7"]
[White "Purygin Andrei (RUS)"]
[Black "Mokshanov Alexey (RUS)"]
[Result "1-0"]
[WhiteElo "2196"]
[BlackElo "2109"]
[PlyCount "31"]
[EventDate "2007.??.??"]
[Source "www.chesslib.no"]
[SourceDate "2004.05.04"]

1. e4 e6 2. d4 d5 3. Nc3 Nf6 4. Bg5 Be7 5. e5 Nfd7 6. Bxe7 Qxe7 7. Qd2 a6 8. f4 c5 9. dxc5 Nxc5 10. Nf3 Nc6 11. a3 b5 12. Nd4 Bb7 13. Nxc6 Bxc6 14. Qd4 Rb8 15. b4 Nd7 16. Bd3 1-0

[Event "BCF Team Ch 9697"]
[Site "England"]
[Date "1996.??.??"]
[Round "?"]
[White "Richmond, Jane"]
[Black "Ashby, Ann-Marie"]
[Result "0-1"]
[WhiteElo "2180"]
[BlackElo "2090"]
[PlyCount "66"]
[EventDate "1996.??.??"]
[Source "www.chesslib.no"]
[SourceDate "2004.05.04"]

1. e4 e6 2. d4 d5 3. Nc3 Nf6 4. Bg5 Be7 5. e5 Nfd7 6. Bxe7 Qxe7 7. Qd2 a6 8. f4 c5 9. Nf3 Nc6 10. dxc5 Qxc5 11. Bd3 b5 12. a3 Rb8 13. Qf2 b4 14. axb4 Nxb4 15. Nd4 Nxd3+ 16. cxd3 Rb4 17. Nce2 Rxb2 18. O-O O-O 19. Rac1 Qb6 20. Kh1 a5 21. Qg3 Nc5 22. Rc3 Rb1 23. Rfc1 Rxc1+ 24. Rxc1 Bd7 25. h4 a4 26. h5 h6 27. Rf1 a3 28. Qg4 a2 29. Kh2 Qb1 30. Rf3 a1=Q 31. Kh3 Qh1+ 32. Kg3 Qae1+ 33. Rf2 Nxd3 0-1

[Event "Pyramiden Franken Cup"]
[Site "Fuerth"]
[Date "1998.??.??"]
[Round "7"]
[White "Lohou, Stephane"]
[Black "De Andres Gonalons, Fernando"]
[Result "1/2-1/2"]
[WhiteElo "2160"]
[BlackElo "2105"]
[PlyCount "109"]
[EventDate "1998.08.??"]
[Source "www.chesslib.no"]
[SourceDate "2004.05.04"]

1. e4 e6 2. d4 d5 3. Nc3 Nf6 4. Bg5 Be7 5. e5 Nfd7 6. Bxe7 Qxe7 7. Qd2 a6 8. f4 c5 9. Nf3 Nc6 10. O-O-O b5 11. dxc5 Qxc5 12. Bd3 Ra7 13. Ne2 Rc7 14. Kb1 b4 15. Rc1 Qb6 16. c3 b3 17. axb3 Na5 18. Ned4 Nxb3 19. Nxb3 Qxb3 20. Nd4 Qb6 21. Rhe1 Nc5 22. f5 Nxd3 23. Qxd3 exf5 24. Nxf5 Qg6 25. Nd6+ Ke7 26. Nxc8+ Rcxc8 27. Rcd1 Ke6 28. Kc2 Rc6 29. Re2 Rb8 30. Qxg6+ hxg6 31. Rd4 Rcb6 32. Kc1 Rb5 33. Rh4 Rc8 34. Rh7 d4 35. Rc2 dxc3 36. bxc3 Rxe5 37. Rh4 Rc6 38. Rd4 f5 39. Rd8 Ke7 40. Ra8 g5 41. c4 Rec5 42. Kd2 Kf6 43. Kd3 f4 44. Kd4 g4 45. Rxa6 Rxc4+ 46. Rxc4 Rxa6 47. Ke4 g5 48. Rb4 Re6+ 49. Kd3 f3 50. Rb2 Re5 51. Rf2 Kf5 52. gxf3 Kf4 53. fxg4+ Kxg4 54. Rf8 Re1 55. Kd2 1/2-1/2

[Event "VL Nord 9900"]
[Site "Baden"]
[Date "2000.02.13"]
[Round "6.5"]
[White "Mueller, Dieter"]
[Black "Schulte, Torsten"]
[Result "1-0"]
[WhiteElo "2141"]
[BlackElo "2085"]
[PlyCount "101"]
[EventDate "1999.??.??"]
[Source "www.chesslib.no"]
[SourceDate "2004.05.04"]

1. e4 e6 2. d4 d5 3. Nc3 Nf6 4. Bg5 Be7 5. e5 Nfd7 6. Bxe7 Qxe7 7. Qd2 O-O 8. f4 c5 9. Nf3 Nc6 10. dxc5 Nxc5 11. O-O-O f6 12. exf6 Qxf6 13. g3 Kh8 14. Qe3 b6 15. Bb5 Bd7 16. Rhe1 Rad8 17. Bxc6 Bxc6 18. Ne2 Be8 19. Ned4 Bh5 20. Kb1 Rc8 21. Rc1 Bxf3 22. Nxf3 Rfd8 23. Nd4 Ne4 24. c3 Kg8 25. Ka1 e5 26. fxe5 Qxe5 27. Rf1 Rf8 28. Qe2 Rxf1 29. Rxf1 Rf8 30. Rxf8+ Kxf8 31. a3 a5 32. Ka2 g6 33. Qg4 Qd6 34. Qc8+ Kg7 35. Nb5 Qc5 36. Qxc5 bxc5 37. Kb3 Nd2+ 38. Ka4 Nc4 39. b3 Nd2 40. Nc7 d4 41. cxd4 cxd4 42. Ne6+ Kf6 43. Nxd4 Ke5 44. Nc6+ Kd6 45. Nxa5 Nf1 46. Kb5 Nxh2 47. Kb6 Nf1 48. Nb7+ Kd7 49. Nc5+ Kd6 50. a4 Nxg3 51. a5 1-0

[Event "Budapest FS07 Elo"]
[Site "Budapest"]
[Date "1998.??.??"]
[Round "10"]
[White "Kammer, Roland"]
[Black "Zentai, Gabor"]
[Result "1-0"]
[WhiteElo "2105"]
[BlackElo "2120"]
[PlyCount "69"]
[EventDate "1998.07.??"]
[Source "www.chesslib.no"]
[SourceDate "2004.05.04"]

1. e4 e6 2. d4 d5 3. Nc3 Nf6 4. Bg5 Be7 5. e5 Nfd7 6. Bxe7 Qxe7 7. Qd2 a6 8. f4 c5 9. Nf3 Nc6 10. dxc5 Nxc5 11. Bd3 b5 12. O-O Bb7 13. Rae1 Qd7 14. f5 O-O-O 15. Qf4 Nxd3 16. cxd3 Rdf8 17. Ne2 g6 18. fxe6 fxe6 19. Qh6 Rf7 20. Ned4 Nxd4 21. Nxd4 Rxf1+ 22. Rxf1 Re8 23. Qc1+ Kb8 24. Qc5 Rc8 25. Qb6 Qc7 26. Qxe6 Qc5 27. Qd6+ Qxd6 28. exd6 Rd8 29. Rf6 Kc8 30. Kf2 Kb8 31. Ke3 b4 32. Kf4 a5 33. Ke5 Re8+ 34. Re6 Rd8 35. Re7 1-0

[Event "14.Seefeld(Casino) op"]
[Site "?"]
[Date "2003.09.14"]
[Round "2"]
[White "Voss Ingo"]
[Black "Stock Juergen"]
[Result "1/2-1/2"]
[WhiteElo "2185"]
[BlackElo "2026"]
[PlyCount "52"]
[EventDate "2003.??.??"]
[Source "www.chesslib.no"]
[SourceDate "2004.05.04"]

1. e4 e6 2. d4 d5 3. Nc3 Nf6 4. Bg5 Be7 5. e5 Nfd7 6. Bxe7 Qxe7 7. Qd2 O-O 8. f4 c5 9. Nf3 a6 10. O-O-O Nc6 11. h4 b5 12. dxc5 Qxc5 13. Nd4 Bb7 14. Nxc6 Bxc6 15. h5 f6 16. exf6 Rxf6 17. Ne2 e5 18. fxe5 Nxe5 19. Qd4 Qxd4 20. Nxd4 Bb7 21. Be2 Nc4 22. Bf3 Nd6 23. Rhe1 Ne4 24. Nb3 Rc8 25. Na5 Ba8 26. Rd4 Re8 1/2-1/2

[Event "Budapest FS07 Elo"]
[Site "Budapest"]
[Date "1998.??.??"]
[Round "7"]
[White "Kammer, Roland"]
[Black "Hegedus, Istvan"]
[Result "1/2-1/2"]
[WhiteElo "2105"]
[BlackElo "2105"]
[PlyCount "46"]
[EventDate "1998.07.??"]
[Source "www.chesslib.no"]
[SourceDate "2004.05.04"]

1. e4 e6 2. d4 d5 3. Nc3 Nf6 4. Bg5 Be7 5. e5 Nfd7 6. Bxe7 Qxe7 7. Qd2 O-O 8. f4 c5 9. Nf3 Nc6 10. dxc5 Nxc5 11. Bd3 a6 12. O-O b5 13. Ne2 Bb7 14. Ned4 Nxd4 15. Nxd4 Nd7 16. Rae1 g6 17. Rf3 Rae8 18. Kh1 f6 19. exf6 Rxf6 20. Rfe3 Qd6 21. g3 e5 22. fxe5 Rxe5 23. Qe2 Rxe3 1/2-1/2

[Event "Hallstahammar Open"]
[Site "?"]
[Date "2003.09.12"]
[Round "1"]
[White "Bergstrom Peter"]
[Black "Holmgren Peter"]
[Result "1-0"]
[WhiteElo "2379"]
[BlackElo "1820"]
[PlyCount "53"]
[EventDate "2003.??.??"]
[Source "www.chesslib.no"]
[SourceDate "2004.05.04"]

1. e4 e6 2. d4 d5 3. Nc3 Nf6 4. Bg5 Be7 5. e5 Nfd7 6. Bxe7 Qxe7 7. Qd2 a6 8. Nd1 c5 9. c3 Nc6 10. Nf3 O-O 11. Bd3 f6 12. exf6 Qxf6 13. O-O e5 14. dxe5 Ndxe5 15. Nxe5 Nxe5 16. Be2 d4 17. f4 Nc6 18. g3 Bh3 19. Re1 Rad8 20. Nf2 dxc3 21. Qxc3 Qxc3 22. bxc3 Bf5 23. Bf3 Na5 24. Rad1 g6 25. Re7 Rxd1+ 26. Nxd1 Rf7 27. Bd5 1-0

[Event "St-Lô"]
[Site "?"]
[Date "2002.07.11"]
[Round "3.3"]
[White "Carmes Mickael"]
[Black "Lozachmeur Yann"]
[Result "0-1"]
[WhiteElo "2131"]
[BlackElo "2048"]
[PlyCount "50"]
[EventDate "2002.??.??"]
[Source "www.chesslib.no"]
[SourceDate "2004.05.04"]

1. e4 e6 2. d4 d5 3. Nc3 Nf6 4. Bg5 Be7 5. e5 Nfd7 6. Bxe7 Qxe7 7. Qd2 a6 8. f4 c5 9. Nf3 O-O 10. dxc5 Nc6 11. O-O-O Qxc5 12. Bd3 f6 13. Rhf1 b5 14. exf6 Nxf6 15. Ne5 b4 16. Ne2 b3 17. axb3 Nb4 18. Nc3 Qa5 19. Kb1 Bd7 20. Nxd7 Nxd7 21. Qe2 Nc5 22. Na4 Nbxd3 23. cxd3 Nxb3 24. Qxe6+ Kh8 25. Nc3 Qa1+ 0-1

[Event "Gladenbach (08.11.-20.11)"]
[Site "?"]
[Date "1999.11.08"]
[Round "1.27"]
[White "Rosen Willy"]
[Black "Guenzel Horst"]
[Result "1-0"]
[WhiteElo "2276"]
[BlackElo "1870"]
[PlyCount "47"]
[EventDate "1999.??.??"]
[Source "www.chesslib.no"]
[SourceDate "2004.05.04"]

1. e4 e6 2. d4 d5 3. Nc3 Nf6 4. Bg5 Be7 5. e5 Nfd7 6. Bxe7 Qxe7 7. Qd2 c5 8. Nb5 Nc6 9. Nc7+ Kd8 10. Nxa8 Nxd4 11. Nf3 a6 12. a4 b6 13. Nxd4 Bb7 14. Nc6+ Bxc6 15. Bxa6 Bxa8 16. O-O Nxe5 17. Qd4 Qc7 18. Ra3 f6 19. Rc3 Nc6 20. Qg4 Qf7 21. Re1 Kd7 22. Bb5 Kd6 23. Bxc6 Bxc6 24. Rxe6+ 1-0

[Event "Bad Wörishofen (04.03.-12.03)"]
[Site "?"]
[Date "1994.??.??"]
[Round "6"]
[White "Borchert Reinhard"]
[Black "Kraft Hans"]
[Result "0-1"]
[WhiteElo "1955"]
[BlackElo "2091"]
[PlyCount "86"]
[EventDate "1994.??.??"]
[Source "www.chesslib.no"]
[SourceDate "2004.05.04"]

1. Nc3 d5 2. e4 e6 3. d4 Nf6 4. Bg5 Be7 5. e5 Nfd7 6. Bxe7 Qxe7 7. Qd2 a6 8. f4 c5 9. Nf3 Nc6 10. Be2 b5 11. O-O O-O 12. Kh1 f5 13. Nd1 Nb6 14. Nf2 Bd7 15. c3 Rad8 16. Rad1 Be8 17. dxc5 Qxc5 18. Nd4 Qe7 19. Nf3 Nc4 20. Bxc4 dxc4 21. Qe3 Bh5 22. h3 h6 23. Rxd8 Rxd8 24. Rd1 Rxd1+ 25. Nxd1 Qd8 26. Nf2 Qd5 27. Nd4 Nxd4 28. cxd4 Be8 29. Nd1 Bc6 30. Qf2 b4 31. Kg1 a5 32. Qd2 Qe4 33. a3 Bd5 34. Kh2 h5 35. h4 c3 36. bxc3 bxa3 37. c4 Qxg2+ 38. Qxg2 Bxg2 39. Nc3 Be4 40. Kg1 Kf8 41. Kf2 Bb1 42. d5 exd5 43. cxd5 a2 0-1

[Event "Agneaux FRA, Open Yves Coquereau  05"]
[Site "?"]
[Date "2002.02.17"]
[Round "3.26"]
[White "Carmes Mickael"]
[Black "Gioux Julien"]
[Result "1-0"]
[WhiteElo "2118"]
[BlackElo "1900"]
[PlyCount "75"]
[EventDate "2002.??.??"]
[Source "www.chesslib.no"]
[SourceDate "2004.05.04"]

1. e4 e6 2. d4 d5 3. Nc3 Nf6 4. Bg5 Be7 5. e5 Nfd7 6. Bxe7 Qxe7 7. Qd2 a6 8. f4 c5 9. Nf3 Nc6 10. g3 b5 11. Bg2 Nb6 12. b3 c4 13. O-O Bd7 14. f5 b4 15. Ne2 c3 16. Qe3 a5 17. f6 gxf6 18. exf6 Qf8 19. Ne5 O-O-O 20. a3 Kb7 21. axb4 axb4 22. Ra2 Nxe5 23. dxe5 Ra8 24. Rfa1 Rxa2 25. Rxa2 Qc8 26. Ra5 Qc7 27. Nc1 Nc8 28. Ra1 Qb6 29. Kf2 Na7 30. Nd3 Qxe3+ 31. Kxe3 Nc6 32. Bf3 Be8 33. Kf4 Rg8 34. Bh5 h6 35. h4 Kb6 36. Ra8 Nd4 37. Nxb4 Ne2+ 38. Bxe2 1-0

[Event "Mittelfranken-ch"]
[Site "?"]
[Date "1996.??.??"]
[Round "3"]
[White "Feist Reiner"]
[Black "Kujundzic Salih"]
[Result "0-1"]
[WhiteElo "1970"]
[BlackElo "2045"]
[PlyCount "68"]
[EventDate "1996.??.??"]
[Source "www.chesslib.no"]
[SourceDate "2004.05.04"]

1. e4 e6 2. d4 d5 3. Nc3 Nf6 4. Bg5 Be7 5. e5 Nfd7 6. Bxe7 Qxe7 7. Qd2 a6 8. f4 c5 9. dxc5 Nxc5 10. Nf3 Nc6 11. Bd3 b5 12. Ne2 Bb7 13. O-O h6 14. Ned4 O-O 15. Rae1 Nxd4 16. Nxd4 Ne4 17. Bxe4 dxe4 18. Re3 Rad8 19. c3 f6 20. exf6 Qxf6 21. Qe1 e5 22. fxe5 Qxe5 23. Rxf8+ Rxf8 24. Qg3 Qf6 25. Re1 b4 26. h3 bxc3 27. bxc3 Bd5 28. Qe3 Qh4 29. a3 Rf6 30. Kh2 Rg6 31. c4 Bxc4 32. Qxe4 Qg3+ 33. Kh1 Rf6 34. Qe3 Rf1+ 0-1

[Event "Hemus (19eme open)"]
[Site "?"]
[Date "2004.11.27"]
[Round "3.4"]
[White "Ivanov L. Stojan"]
[Black "Djakov Martin"]
[Result "1-0"]
[WhiteElo "1860"]
[BlackElo "2085"]
[PlyCount "41"]
[EventDate "2004.??.??"]
[Source "www.chesslib.no"]
[SourceDate "2004.05.04"]

1. e4 e6 2. d4 d5 3. Nc3 Nf6 4. Bg5 Be7 5. e5 Nfd7 6. Bxe7 Qxe7 7. Qd2 O-O 8. Nd1 c5 9. c3 Nc6 10. f4 f6 11. Nf3 fxe5 12. fxe5 cxd4 13. cxd4 Rxf3 14. gxf3 Qh4+ 15. Qf2 Qxd4 16. Qxd4 Nxd4 17. Kf2 Nxf3 18. Kxf3 Nxe5+ 19. Kg3 Bd7 20. Kf2 Rf8+ 21. Ke3 1-0

[Event "Mittelfranken Ch"]
[Site "GER"]
[Date "1995.??.??"]
[Round "5"]
[White "Feist, Reiner"]
[Black "Woerl, Richard"]
[Result "1-0"]
[WhiteElo "1955"]
[BlackElo "1980"]
[PlyCount "85"]
[EventDate "1995.??.??"]
[Source "www.chesslib.no"]
[SourceDate "2004.05.04"]

1. e4 e6 2. d4 d5 3. Nc3 Nf6 4. Bg5 Be7 5. e5 Nfd7 6. Bxe7 Qxe7 7. Qd2 a6 8. f4 c5 9. dxc5 Nxc5 10. Nf3 b5 11. Bd3 Nc6 12. Ne2 Nxd3+ 13. cxd3 Qb4 14. Rc1 Bd7 15. Ned4 Rc8 16. Nxc6 Qxd2+ 17. Kxd2 Bxc6 18. Nd4 Kd7 19. b4 Bb7 20. Nb3 Rc7 21. Nc5+ Ke7 22. d4 g5 23. fxg5 Rg8 24. h4 h6 25. gxh6 Rxg2+ 26. Ke3 Rg6 27. h7 Rh6 28. h5 Rxh7 29. h6 Bc8 30. Rcg1 Kf8 31. Kf4 a5 32. bxa5 Ra7 33. Nb3 b4 34. Kg5 f5 35. exf6 Kf7 36. Nd2 Rxa5 37. Nf3 Rxa2 38. Ne5+ Kf8 39. Kg6 Rh8 40. h7 Rd2 41. Nf7 Ba6 42. Nxh8 Rxd4 43. Kh6 1-0

[Event "Winnipeg Remembrance op"]
[Site "?"]
[Date "2002.11.08"]
[Round "1.1"]
[White "Vlaovic George"]
[Black "Magyar Peter"]
[Result "1-0"]
[WhiteElo "2313"]
[BlackElo "1621"]
[PlyCount "86"]
[EventDate "2002.??.??"]
[Source "www.chesslib.no"]
[SourceDate "2004.05.04"]

1. e4 e6 2. d4 d5 3. Nc3 Nf6 4. Bg5 Be7 5. e5 Nfd7 6. Bxe7 Qxe7 7. Qd2 O-O 8. f4 c5 9. Nf3 Nc6 10. O-O-O a6 11. Kb1 b5 12. dxc5 Nxc5 13. Bd3 Bb7 14. Rhe1 b4 15. Ne2 a5 16. f5 a4 17. Ned4 Nxd4 18. Nxd4 Ne4 19. Bxe4 dxe4 20. fxe6 Bd5 21. Nf5 Bxa2+ 22. Ka1 Qxe6 23. Qg5 g6 24. Ne7+ Kg7 25. Rd6 h6 26. Qf6+ Qxf6 27. exf6+ Kh7 28. Kxa2 Rad8 29. Rd5 b3+ 30. cxb3 axb3+ 31. Kxb3 Rb8+ 32. Kc3 Rb7 33. Rxe4 Rfb8 34. b4 Ra8 35. Rc4 g5 36. h4 gxh4 37. Rg4 Ra3+ 38. Kc4 Rg3 39. Rxh4 Rb6 40. Rxh6+ Kxh6 41. Nf5+ Kg6 42. Nxg3 Rxf6 43. Ne4 Kg7 1-0

[Event "Ostroda"]
[Site "?"]
[Date "2006.08.08"]
[Round "3.12"]
[White "Kasperek Rafal"]
[Black "Zadlo Tomasz"]
[Result "1-0"]
[WhiteElo "2021"]
[BlackElo "1859"]
[PlyCount "85"]
[EventDate "2006.??.??"]
[Source "www.chesslib.no"]
[SourceDate "2004.05.04"]

1. e4 e6 2. d4 d5 3. Nc3 Nf6 4. Bg5 Be7 5. e5 Nfd7 6. Bxe7 Qxe7 7. Qd2 a6 8. f4 c5 9. dxc5 Nxc5 10. Nf3 Nc6 11. O-O-O O-O 12. Kb1 f6 13. exf6 Qxf6 14. g3 Kh8 15. Bg2 b5 16. Qe3 Na4 17. Nxa4 bxa4 18. Qc3 Qxc3 19. bxc3 Rb8+ 20. Ka1 Kg8 21. Rb1 Bd7 22. Rxb8 Rxb8 23. Rb1 Rxb1+ 24. Kxb1 a3 25. Bf1 Bc8 26. Kc1 Kf7 27. Ng5+ Kg8 28. Bh3 Nd8 29. Nf3 Nc6 30. Nd2 Kf7 31. Nb1 a5 32. Nxa3 Ba6 33. Bg2 Nb8 34. c4 d4 35. Kd2 Kf6 36. Kd3 e5 37. fxe5+ Kxe5 38. Nb5 Bxb5 39. cxb5 Nd7 40. Kc4 g5 41. Bh3 Nb6+ 42. Kc5 Na4+ 43. Kc6 1-0

[Event "Corr"]
[Site "?"]
[Date "2001.03.19"]
[Round "?"]
[White "Schreber Paul"]
[Black "Vaillancourt Stephane"]
[Result "1/2-1/2"]
[WhiteElo "1862"]
[BlackElo "1968"]
[PlyCount "52"]
[EventDate "2001.??.??"]
[Source "www.chesslib.no"]
[SourceDate "2004.05.04"]

1. e4 e6 2. d4 d5 3. Nc3 Nf6 4. Bg5 Be7 5. e5 Nfd7 6. Bxe7 Qxe7 7. Qd2 a6 8. f4 c5 9. Nf3 Nc6 10. O-O-O b5 11. dxc5 Nxc5 12. Bd3 b4 13. Ne2 a5 14. f5 exf5 15. Bb5 Qb7 16. Nfd4 Bd7 17. Bxc6 Bxc6 18. Nxc6 Qxc6 19. Qxd5 Qxd5 20. Rxd5 Ne6 21. Rhd1 O-O 22. Nd4 Nf4 23. Rd7 Rfe8 24. Nxf5 Rxe5 25. Ne7+ Kf8 26. Nc6 Re6 1/2-1/2